Satélites de Comunicaciones /

Contenido: Lanzamiento y Colocación en Orbita Geoestacionaria; El Medio Ambiente del Espacio; Estructura y Funcionamiento de un Satélite; Tipos de Satélites y Servicios de Comunicaciones; Estructura y Funcionamiento de una Estación Terrena; Sistemas de Servicio Fijo y Móvil; Nuevas Generaciones y Co...

Descripció completa

Guardat en:
Dades bibliogràfiques
Autor principal: Neri Vela, Rodolfo (autor)
Format: Llibre
Idioma:espanyol
Publicat: México : McGraw-Hill, 1989
Matèries:
Etiquetes: Afegir etiqueta
Sense etiquetes, Sigues el primer a etiquetar aquest registre!

MARC

LEADER 00000nam^a2200000^a^4500
001 000026333
005 20250521000000.0
009 20260310084725.466
020 |a 968-422-362-5 
037 |a Acervo ITESO - Biblioteca 
041 |a ESP 
082 |a 629. 46  |b NER 
100 |a Neri Vela, Rodolfo  |e (autor) 
245 1 0 |a Satélites de Comunicaciones /  |c R. Neri Vela. 
264 1 |a México :  |b McGraw-Hill,  |c 1989 
300 |a 173 p. 
336 |a texto  |b txt  |2 rdacontenido 
337 |a sin mediación  |b n  |2 rdamedio 
338 |a volumen  |b nc  |2 rdasoporte 
520 |a Contenido: Lanzamiento y Colocación en Orbita Geoestacionaria; El Medio Ambiente del Espacio; Estructura y Funcionamiento de un Satélite; Tipos de Satélites y Servicios de Comunicaciones; Estructura y Funcionamiento de una Estación Terrena; Sistemas de Servicio Fijo y Móvil; Nuevas Generaciones y Comunicaciones entre Satélites. 
649 |a XX 
650 |a Ingeniería Aeroespacial 
650 |a Satélites Artificiales 
910 |a Fondo General 
920 |a Impresos - Libros 
930 |a Colección General 
905 |a 101 
901 |a 0263330100  |b IT1  |c ACC  |i 026333  |u 20250521 
902 |a https://opac.biblio.iteso.mx/vufind/Record/000026333